Love Live Characters 2023 - Statistics

General Stats
  • This quiz has been taken 55 times
  • The average score is 32 of 47
Answer Stats
Hint Answer % Correct
μ's Sonoda Umi
87%
μ's Minami Kotori
84%
μ's Tojo Nozomi
84%
μ's Kousaka Honoka
82%
Aqours Kurosawa Dia
82%
Aqours Kurosawa Ruby
82%
Aqours Takami Chika
82%
μ's Yazawa Nico
82%
Aqours Ohara Mari
80%
Aqours Watanabe You
80%
μ's Ayase Eli
78%
Nijigasaki Uehara Ayumu
78%
μ's Hoshizora Rin
76%
Nijigasaki Emma Verde
73%
μ's Koizumi Hanayo
73%
Aqours Kunikida Hanamaru
73%
μ's Nishikino Maki
73%
Aqours Sakurauchi Riko
73%
Aqours Tsushima Yoshiko
73%
Aqours Matsuura Kanan
71%
Nijigasaki Miyashita Ai
71%
Nijigasaki Tennoji Rina
71%
Nijigasaki Asaka Karin
69%
Nijigasaki Mia Taylor
69%
Nijigasaki Osaka Shizuku
69%
Liella Shibuya Kanon
69%
Nijigasaki Yuki Setsuna
69%
Liella Arashi Chisato
67%
Liella Heanna Sumire
67%
Nijigasaki Nakasu Kasumi
67%
Liella Tang Keke
67%
Nijigasaki Konoe Kanata
64%
Nijigasaki Mifune Shioriko
64%
Liella Wakana Shiki
64%
Nijigasaki Lanzhu Zhong
62%
Liella Hazuki Ren
58%
Liella Onitsuka Natsumi
58%
Liella Wien Margarete
58%
Liella Onitsuka Tomari
56%
Liella Sakurakoji Kinako
53%
Liella Yoneme Mei
53%
Hasunosora Murano Sayaka
49%
Hasunosora Hinoshita Kaho
47%
Hasunosora Osawa Rurino
47%
Hasunosora Fujishima Megumi
44%
Hasunosora Yugiri Tsuzuri
44%
Hasunosora Otomune Kozue
42%
No matching quizzes found
Score Distribution
Percent of People with Each Score
Percentile by Number Answered
Your Score History
You have not taken this quiz